| 000 | 00000nam##2200000za#4500 |
| 001 | 9.700348 |
| 003 | CaOODSP |
| 005 | 20210625000809 |
| 007 | cr ||||||||||| |
| 008 | 150407|1991||||xxc|||||o f|0| 0 eng|d |
| 040 | |aCaOODSP|beng |
| 043 | |an-cn--- |
| 086 | 1 |aA53-1470/1991E-PDF |
| 110 | 1 |aCanada.|bAgriculture Canada. |bCommunications Branch. |
| 245 | 10|aSainfoin for Western Canada / |h[electronic resource]|c[by] B.P. Goplen, K.W. Richards et J.R. Moyer. |
| 250 | |aRev. |
| 260 | |aOttawa - Ontario : |bAgriculture Canada. |c1991. |
| 300 | |a24p.|billus., tables |
| 500 | |aContents: Tips for growing sainfoin.--Characteristics.--Adaptation.--Cultivars: Melrose; Nova.--Inoculation and fertilizer requirements.--Seeding.--Weed control.--Usage and management.--Seed production.--Diseases and insects. Previously listed on Special list 1991 No. 12 (December 31, 1991). |
| 500 | |aHistorical publication digitized by Agriculture and Agri-Food Canada. |
| 590 | |a15-02-Supp|b2015-02-16 |
| 720 | 1 |aGoplen, B. P. |
| 720 | 1 |aRichards, K. W. |
| 720 | 1 |aMoyer, J. R. |
| 775 | 08|tLe sainfoin dans l'ouest du Canada / |w(CaOODSP)9.644245 |
| 776 | 0#|tSainfoin for Western Canada / |w(CaOODSP)9.644405 |
| 856 | 40|ahttp://publications.gc.ca|qPDF|s1855 KB|uhttps://publications.gc.ca/collections/collection_2015/aac-aafc/A53-1470-1991-eng.pdf |
| 986 | |aPublication 1470/E |